Applied Digital Signal Processing (Record no. 12427)

000 -LEADER
fixed length control field 00462nam a22001577a 4500
020 ## - INTERNATIONAL STANDARD BOOK NUMBER
International Standard Book Number 9780521110020
082 ## - DEWEY DECIMAL CLASSIFICATION NUMBER
Classification number 621.3822 MAN
100 ## - MAIN ENTRY--PERSONAL NAME
Personal name Manolakis, Dimitris G.
245 ## - TITLE STATEMENT
Title Applied Digital Signal Processing
260 ## - PUBLICATION, DISTRIBUTION, ETC.
Place of publication, distribution, etc. New Delhi, India
Name of publisher, distributor, etc. Cambridge University Press
Date of publication, distribution, etc. 2011
300 ## - PHYSICAL DESCRIPTION
Extent xv, 991 p.
Other physical details ill. ;
500 ## - GENERAL NOTE
General note Includes bibliographical references.
650 ## - SUBJECT ADDED ENTRY--TOPICAL TERM
Topical term or geographic name entry element Signal processing--Digital techniques.
700 ## - ADDED ENTRY--PERSONAL NAME
Personal name Ingle, Vinay K.
942 ## - ADDED ENTRY ELEMENTS (KOHA)
Koha item type Book
Holdings
Withdrawn status Lost status Damaged status Not for loan Collection code Permanent Location Current Location Shelving location Date acquired Source of acquisition Cost, normal purchase price Total Checkouts Total Renewals Full call number Barcode Date last seen Date last checked out Price effective from Koha item type
          Central Library (CL) Central Library (CL) General Stacks 12/27/2013 Saeed Book Bank 1735.28 2 3 621.3822 MAN SEECS012811 02/22/2021 11/05/2020 12/31/2013 Book
© 2023 Central Library, National University of Sciences and Technology. All Rights Reserved.